Manchester A-Z - Statistics

General Stats
  • This quiz has been taken 735 times
    690 since last reset
  • The average score is 17 of 26
Answer Stats
Letter Clue Answer % Correct
G Famous musical brothers N and L Gallagher
88%
O Manchester band led by the answer to G Oasis
88%
U The city's red Premier League football team United
88%
P Main train station Piccadilly
86%
R Sport (of both codes) played by Sale Sharks and Salford Red Devils Rugby
85%
F Football manager at Old Trafford between 1986-2013 Ferguson
82%
V Train station Victoria
82%
X The final of this TV talent show took place in Manchester in 2012 X Factor
82%
Q Modern redevelopment area "Salford Q..." Quays
81%
S Neighbouring city Salford
81%
C Manchester based soap which started in 1960 Coronation Street
77%
E Named sponsor of the City of Manchester Stadium Etihad Airways
77%
T Large shopping centre opened in 1998 Trafford Centre
74%
Z The nearest one of these to Manchester is in Chester Zoo
73%
Y Notable characteristic of the citys' trams Yellow
71%
L Manchester born artist who gave his name to a theatre and hotel L.S Lowry
64%
D Popular city centre main road and train station Deansgate
62%
H Former famous nightclub Hacienda
58%
M Former Stadium of Manchester City Maine Road
57%
N Regenerated area of the city centre containing many bars and restaurants Northern Quarter
53%
I River which shares a course with the Manchester Ship Canal Irwell
50%
J Manchester band had 1990's hits with "Laid", "Come Home", and "Sit Down" James
50%
B Name of the tower which the Hilton Hotel occupies Beetham
42%
K Local radio station for Manchester Key 103
32%
A Former name of Manchester City FC Ardwick
20%
W City centre street and hall are named after this 19th century Manchester born engineer and inventor Whitworth
18%
No matching quizzes found
Score Distribution
Percent of People with Each Score
Percentile by Number Answered
Your Score History
You have not taken this quiz since the last reset